000 00615nam a2200253Ia 4500
005 20260121155319.0
008 008 260114s9999 xx 000 0 eng d
020 _a9780203709948
037 _aEBOOK
040 _aCRL
040 _beng
040 _cCRL
041 _2eng
041 _aeng
084 _qCRL
100 _a Alexander Griffin
_91017993
245 4 _aThe Rise of Academic Architectural Education
260 _bTaylor and Francis
260 _c2020
856 _uhttp://www.taylorfrancis.com/books/9780203709948
942 _cEBOOK
999 _c1584812
_d1584812